000 00682nas a2200241 4500
001 BR7500729
003 BR-BrBNA
005 20231205082808.0
007 ta
008 230509b bl.|||p| |||| 00| 00por d
040 _aBR-BrBNA
_bpor
_cBiblioteca Nacional de Agricultura
041 _a(Pt)
072 _aF25
100 1 _aPons, A.
245 1 _aCalagem e adubacao da cultura do feijoeiro [Phaseolus vulgaris]
650 _aFERTILIDADE DO SOLO
650 _aFEIJAO
650 _aADUBACAO
650 _aCALAGEM
773 0 _tIPAGRO Informa (Brazil)
_xISSN 0100-3410
_g(Nov 1975), (no. 11) p. 2
_wBR7500729
909 _a202311
_bLúcia
_c55
_dLúcia Elande
942 _2AGRIS
_n0
_cANA
999 _c94268
_d94268